The Art Of SEO (Record no. 96279)

MARC details
000 -LEADER
fixed length control field 00583nam a2200229Ia 4500
005 - DATE AND TIME OF LATEST TRANSACTION
control field 20230317115008.0
008 - FIXED-LENGTH DATA ELEMENTS--GENERAL INFORMATION
fixed length control field 230125s9999 xx 000 0 und d
020 ## - INTERNATIONAL STANDARD BOOK NUMBER
International Standard Book Number 9789352133673
041 ## - LANGUAGE CODE
Language code of text/sound track or separate title eng
082 ## - DEWEY DECIMAL CLASSIFICATION NUMBER
Classification number 004.1
Item number ENG
100 ## - MAIN ENTRY--PERSONAL NAME
Author Enge E
245 ## - TITLE STATEMENT
Title The Art Of SEO
250 ## - EDITION STATEMENT
Edition statement 3rd Ed.
260 ## - PUBLICATION, DISTRIBUTION, ETC.
Date of publication, distribution, etc. 2019
Name of publisher, distributor, etc. Shroff publisher and distributors
Place of publication, distribution, etc. Mumbai
300 ## - PHYSICAL DESCRIPTION
Extent 982p
500 ## - GENERAL NOTE
Keywords Business Analytics;Web Analytics
650 ## - SUBJECT ADDED ENTRY--TOPICAL TERM
Topical term or geographic name entry element Business Analytics;Web Analytics
700 ## - ADDED ENTRY--PERSONAL NAME
Personal name Enge E
942 ## - ADDED ENTRY ELEMENTS (KOHA)
Koha item type Books
906 ## - LOCAL DATA ELEMENT F, LDF (RLIN)
b 588
Holdings
Withdrawn status Lost status Damaged status Not for loan Home library Current library Date acquired Vendor Net Price Bill number Full call number Barcode Date last seen Actual Price Bill Date Koha item type Original Barcode
      Reference Smt. Hiraben Nanavati Institute of Management & Research for Women Smt. Hiraben Nanavati Institute of Management & Research for Women 06/02/2020 Forward Books 2100.00 11188 004.1 ENG B19625 HIMR-BK-19625 25/01/2023 1512.00 25/01/2023 Books B19625